| 000 | 00385nam a2200157 4500 | ||
|---|---|---|---|
| 008 | 190521s1996||||xo d | ||
| 245 | 1 | 0 |
_aNajväcšia obava muža _bKonecná etapa vývoja ludstva |
| 260 |
_aBA _c1996 _bSofa |
||
| 300 | _a217s. | ||
| 250 | _a1.vydanie | ||
| 100 | 1 |
_aMarshall Tim _91108 |
|
| 020 |
_a8085752298 _c0 |
||
| 041 | 1 | _aslo | |
| 044 |
_axo _cSK |
||
| 958 | _aA | ||
| 999 |
_c22402 _d22402 |
||